000
00276nam a22000977a 4500
999
_c
11600
_d
11600
008
190805b ||||| |||| 00| 0 eng d
020
_a
9788190689533
100
_a
Sharma Ganga Prasad
_9
7309
245
_a
Shresth Rochak kahaniya
260
_a
New Delhi
_b
Banyan Tree Publishers
_c
2011